Geography Quiz

Random Geography or State Quiz

Ultimate Geography Challenge 'N' Quiz Stats

Quiz Updated Feb 19, 2014

Challenge
Share
Tweet
Embed
Score 0/29 Timer 05:00
19 Plays Today
% Correct
New York
93.4%
North Dakota
92.8%
North Carolina
91.8%
Nebraska
90.1%
New Jersey
90%
New Mexico
89.4%
New Hampshire
88.4%
Nevada
86.6%
Niger
84.8%
Nigeria
84%
Namibia
79.2%
Norway
78.4%
Nicaragua
78.2%
Nepal
75.2%
Netherlands
74%
% Correct
New Zealand
74%
North Korea
72.3%
Nauru
65.6%
Nashville
49.5%
Nairobi
48.3%
New Delhi
40.5%
Nicosia
37.3%
Nassau
34.2%
Niamey
33.4%
Nouakchott
26.7%
Ngerulmud
24.8%
N'Djamena
24.6%
Naypyidaw
23.7%
Nuku'alofa
22.9%

You're not logged in!

Compare scores with friends on all Sporcle quizzes.
Join for Free
OR
Log In

You Might Also Like...

Show Comments

Extras

Top Quizzes Today


Score Distribution

Your Account Isn't Verified!

In order to create a playlist on Sporcle, you need to verify the email address you used during registration. Go to your Sporcle Settings to finish the process.

Report this User

Report this user for behavior that violates our Community Guidelines.

Details: